| 000 | 00000nam 2200000zi 4500 |
| 001 | 9.945884 |
| 003 | CaOODSP |
| 005 | 20241204142919 |
| 006 | m o d f |
| 007 | cr bn||||||||| |
| 008 | 241204e198208##oncab ob f000 0 fre d |
| 020 | |a0662917332 |q(imprimé) |
| 040 | |aCaOODSP|bfre|erda|cCaOODSP |
| 041 | 0 |afre|bfre|beng |
| 043 | |an-cn--- |
| 045 | |ax7x7 |
| 086 | 1 |aEn42-1/3-81-5F-PDF|zEn46-3/81-5F |
| 100 | 1 |aMah, K. H., |eauteur. |
| 245 | 14|aLes émissions de polluants atmosphériques et les techniques antipollution dans l'industrie des ferro-alliages et dans les industries connexes / |cK.H. Mah. |
| 264 | 1|a[Ottawa] : |bService de la protection de l'environnement, Direction générale de l'assainissement de l'air, Direction de l'évaluation technique, Division des mines, des minéraux et de la métallurgie, |caoût 1982. |
| 264 | 4|c©1982 |
| 300 | |a1 ressource en ligne (x, 42 pages 2 pages non numérotées) : |billustrations, carte. |
| 336 | |atexte|btxt|2rdacontent/fre |
| 337 | |ainformatique|bc|2rdamedia/fre |
| 338 | |aressource en ligne|bcr|2rdacarrier/fre |
| 490 | 1 |aSérie de rapports du Service de la protection de l'environnement |
| 500 | |aPublié aussi en anglais sous le titre : Air pollution emissions and control technology: ferroalloy production and allied industries. |
| 500 | |a« EPS 3-AP-81-5F. » |
| 500 | |a« Analyse économique et technique, rapport SPE 3-AP-81-5F » -- Couverture. |
| 500 | |aÉdition numérisée de l'imprimé [par Environnement et changement climatique Canada]. |
| 504 | |aComprend des références bibliographiques (page 39). |
| 546 | |aComprend des résumés en français et en anglais. |
| 650 | 6|aFer|xAlliages|xIndustrie|xDéchets|xÉlimination|xAspect de l'environnement|zCanada. |
| 650 | 6|aAir|xPollution|zCanada. |
| 650 | 6|aTechnique de l'environnement|xAppareils et matériel|zCanada. |
| 710 | 1 |aCanada. |bService de la protection de l'environnement, |eorganisme de publication. |
| 710 | 1 |aCanada. |bDirection générale de l'assainissement de l'air. |bDivision des mines, des minéraux et de la métallurgie, |eorganisme de publication. |
| 775 | 08|tAir pollution emissions and control technology : |w(CaOODSP)9.921967 |
| 830 | #0|aSérie de rapports du Service de la protection de l'environnement.|w(CaOODSP)9.866045 |
| 856 | 40|qPDF|s11.00 Mo|uhttps://publications.gc.ca/collections/collection_2024/eccc/en42/En42-1-3-81-5-fra.pdf |